The stickup kids : race, drugs, violence, and the American dream /

Bibliographic Details
Main Author: Contreras, Randol, 1971-
Corporate Author: ebrary, Inc
Format: eBook
Language:English
Published: Berkeley, Calif. : University of California Press, 2012.
Subjects:
Online Access:Connect to the full text of this electronic book

MARC

Tag First Indicator Second Indicator Subfields
LEADER 00000cam a2200000Ia 4500
001 in00002785588
006 m o d
007 cr cn|||||||||
008 120611s2012 cau ob 001 0 eng d
005 20250816204539.7
010 |z  2012022291 
020 |z 9780520273375 
020 |z 9780520273382 
020 |z 9780520953574 
035 |a (CaPaEBR)ebr10614250 
040 |a CaPaEBR  |c CaPaEBR  |d UtOrBLW 
050 1 4 |a HV5824.Y68  |b C673 2012eb 
082 0 4 |a 363.4509747/275  |2 23 
100 1 |a Contreras, Randol,  |d 1971- 
245 1 4 |a The stickup kids :  |b race, drugs, violence, and the American dream /  |c Randol Contreras. 
264 1 |a Berkeley, Calif. :  |b University of California Press,  |c 2012. 
300 |a 1 online resource (1 volume (various pagings)) 
336 |a text  |b txt  |2 rdacontent 
337 |a computer  |b c  |2 rdamedia 
338 |a online resource  |b cr  |2 rdacarrier 
504 |a Includes bibliographical references and index. 
500 |a Electronic resource. 
650 0 |a Youth  |x Drug use  |z New York (State)  |z New York. 
650 0 |a Drug dealers  |z New York (State)  |z New York. 
650 0 |a Cocaine abuse  |z New York (State)  |z New York. 
650 0 |a Cities and towns  |z New York (State)  |z New York. 
655 7 |a Electronic books.  |2 local 
710 2 |a ebrary, Inc. 
856 4 0 |u https://ebookcentral.proquest.com/lib/tamucs/detail.action?docID=1046304  |y Connect to the full text of this electronic book  |t 0 
980 |a 121127  |b 70  |c USD  |e 105  |f YBP_EBR0000047632  |g 1 
999 f f |s 89b3dfcf-072c-3713-b1f4-40e6961badfc  |i 2f75faf5-d362-3e4f-9307-9871f98a3a21  |t 0 
999 |a MARS 
952 f f |a Texas A&M University  |b College Station  |c Electronic Resources  |d Available Online  |t 0  |e HV5824.Y68 C673 2012eb  |h Library of Congress classification 
998 f f |a HV5824.Y68 C673 2012eb  |t 0  |l Available Online